Municípios da Região Metropolitana de Joinville (SC) no mapa - Statistics

Estatísticas Gerais
  • Esse quiz foi jogado 95 vezes
  • A pontuação média é 6 de 9
Respostas no mapa
Respostas codificadas por cores de uma escala verde-vermelha no mapa do quiz de acordo com a % correta abaixo.
 
Estatísticas das Respostas
Município % Correto
Joinville
96%
São Francisco do Sul
74%
Balneário Barra do Sul
67%
Araquari
66%
Garuva
64%
São Bento do Sul
56%
Itapoá
53%
Campo Alegre
51%
Rio Negrinho
43%
Nenhum quiz correspondente encontrado
Distribuição das Pontuações
Porcentagem de Pessoas com Cada Pontuação
Percentil de Números Respondidos
Sua Pontuação Histórica
Você não jogou esse quiz